Los partes mensuales: (Registro nro. 721)
[ vista simple ]
| 000 -LEADER | |
|---|---|
| campo de control de longitud fija | 01205nam a22002297a 4500 |
| 001 - NÚMERO DE CONTROL | |
| campo de control | EIF-I-1992-M2-014 |
| 003 - IDENTIFICADOR DE NÚMERO DE CONTROL | |
| campo de control | OSt |
| 005 - FECHA Y HORA DE LA ÚLTIMA TRANSACCIÓN | |
| campo de control | 20230103180300.0 |
| 008 - DATOS DE LONGITUD FIJA--INFORMACIÓN GENERAL | |
| campo de control de longitud fija | 230103b |||||||| |||| 00| 0 eng d |
| 040 ## - FUENTE DE CATALOGACIÓN | |
| Centro catalogador/agencia de origen | Fundación Jesús Pereda |
| Centro/agencia transcriptor | Fundación Jesús Pereda |
| 041 ## - CÓDIGO DE IDIOMA | |
| Código de lengua del texto/banda sonora o título independiente | Castellano |
| 100 ## - ENTRADA PRINCIPAL--NOMBRE DE PERSONA | |
| Nombre de persona | Moreno Fonseret, Roque |
| 9 (RLIN) | 1192 |
| 111 ## - ENTRADA PRINCIPAL--NOMBRE DE CONGRESO/REUNIÓN | |
| Nombre de congreso/reunión o jurisdicción como elemento de entrada | Encuentro de Investigadores del Franquismo |
| Sede del congreso/Lugar de la reunión | (Barcelona. |
| Fecha del congreso o de la firma del tratado | 1992. |
| Número del congreso/reunión o número de parte o sección | 1º) |
| 9 (RLIN) | 95 |
| 245 ## - MENCIÓN DEL TÍTULO | |
| Título | Los partes mensuales: |
| Resto del título | la información interna de FET y de las JONS y el control político de la sociedad española |
| Mención de responsabilidad, etc. | /Roque Moreno Fonseret y Glicerio Sánchez Recio |
| 520 ## - RESUMEN, ETC. | |
| Sumario, etc. | Se estudia el partido único FET-JONS, haciendo énfasis en su organización, funcionamiento, instituciones, opinión pública y el orden público. |
| 610 #0 - PUNTO DE ACCESO ADICIONAL DE MATERIA--NOMBRE DE ENTIDAD CORPORATIVA | |
| 9 (RLIN) | 306 |
| Nombre de entidad corporativa o nombre de jurisdicción como elemento de entrada | Falange Española Tradicionalista y de las Juntas de Ofensiva Nacional Sindicalista (FET y de las JONS) |
| 610 #0 - PUNTO DE ACCESO ADICIONAL DE MATERIA--NOMBRE DE ENTIDAD CORPORATIVA | |
| 9 (RLIN) | 1194 |
| Nombre de entidad corporativa o nombre de jurisdicción como elemento de entrada | Comunión Tradicionalista (C.T.) |
| 700 ## - ENTRADA AGREGADA--NOMBRE PERSONAL | |
| Nombre de persona | Sánchez Recio, Glicerio |
| 9 (RLIN) | 1193 |
| 773 ## - ASIENTO DE ITEM FUENTE | |
| Título | <a href="Actas del I Encuentro de Investigadores del Franquismo">Actas del I Encuentro de Investigadores del Franquismo</a> |
| Parte(s) relacionada(s) | 066-069 p. |
| 856 ## - LOCALIZACIÓN Y ACCESO ELECTRÓNICOS | |
| Identificador Uniforme de Recursos | <a href="https://bibliotecaccoocyl.fundacionjesuspereda.es/cgi-bin/koha/opac-retrieve-file.pl?id=6771e2194d891b8dc6cc558cc4b64506">https://bibliotecaccoocyl.fundacionjesuspereda.es/cgi-bin/koha/opac-retrieve-file.pl?id=6771e2194d891b8dc6cc558cc4b64506</a> |
| 942 ## - ELEMENTOS DE ENTRADA SECUNDARIOS (KOHA) | |
| Fuente del sistema de clasificación o colocación | Clasificación Decimal Dewey |
| Tipo de ítem Koha | Archivo de computadora |
| Suprimir en OPAC | No |
No hay ítems disponibles.
